000 00829nam a2200181Ia 4500
008 090124s9999 xx 000 0 und d
082 _b33864
100 _aसावकार मेघ:श्याम
245 _a. श्रीमद् आद्य शंकराचार्य वेध एका महावताराचा
250 _a1
260 _bदेवधर स.कृ.
_c2006
300 _a514
600 _aसावकार मेघ:श्याम
630 _a. श्रीमद् आद्य शंकराचार्य वेध एका महावताराचा
700 _aसावकार मेघ:श्याम
730 _a. श्रीमद् आद्य शंकराचार्य वेध एका महावताराचा
942 _cBOOK
999 _c188731
_d188731